LEADER 01402nam0 22003613i 450 001 PAL0105250 005 20231121125604.0 010 $a8817170399 100 $a20181129d1995 ||||0itac50 ba 101 | $aita 102 $ait 181 1$6z01$ai $bxxxe 182 1$6z01$an 200 1 $aAmori$fGiovan Battista Marino$gintroduzione e note di Alessandro Martini 210 $aMilano$cBiblioteca universale Rizzoli$d1995 215 $a194 p.$d18 cm. 225 | $aBUR$i. L$v1039 410 0$1001CFI0001852$12001 $aBUR$i. L$v1039 676 $a851.3$9Poesia italiana. 1492-1542$v21 700 1$aMarino$b, Giambattista$3CFIV028023$4070$0112646 790 1$aMarino$b, Giovan Battista$3CFIV135973$zMarino, Giambattista 790 1$aMarino$b, Giovambattista$3CFIV138812$zMarino, Giambattista 790 1$aMarino$b, Giovanni Battista$3CFIV181434$zMarino, Giambattista 790 1$aMarinus$b, Joannes Baptista$3SBNV014674$zMarino, Giambattista 790 1$aMarini$b, Giambattista$3VEAV060163$zMarino, Giambattista 801 3$aIT$bIT-01$c20181129 850 $aIT-FR0017 899 $aBiblioteca umanistica Giorgio Aprea$bFR0017 $eN 912 $aPAL0105250 950 0$aBiblioteca umanistica Giorgio Aprea$d 52MAG 1/3008$e 52FLS0000293165 VMB RS $fA $h20181129$i20181129 977 $a 52 996 $aAmori$9143756 997 $aUNICAS